| 000 | 00539cam a22001931 4500 | ||
|---|---|---|---|
| 001 | 8942876 | ||
| 005 | 20240202042747.0 | ||
| 008 | 790421s1966 enk b 000 0 eng | ||
| 020 | _a0415066085 | ||
| 040 |
_aDLC _cICIU _dOCoLC _dUk _dDLC |
||
| 082 |
_a306. _222 _bMAR. |
||
| 100 | 1 | _aDouglas, Mary, | |
| 245 | 1 | 0 |
_aPurity and danger: _ban analysis of concepts of pollution and taboo _c Mary Douglas. |
| 260 |
_aLondon, _bRoutledge & K. Paul, _c1966. |
||
| 300 | _aviii, 193 p.: | ||
| 650 | 0 | _aTaboo. | |
| 650 | 0 | _aPurity, Ritual. | |
| 942 | _cL | ||
| 999 |
_c279 _d279 |
||